[Event "Pardubice Czech op-A 34th"]
[Site "Pardubice"]
[Date "2023.07.25"]
[Round "5"]
[White "Seger, Ruediger"]
[Black "Yankelevich, Lev"]
[Result "1/2-1/2"]
[WhiteElo "2263"]
[BlackElo "2442"]
[PlyCount "115"]
[EventDate "2023.07.21"]
[EventType "swiss"]
[EventRounds "9"]
[EventCountry "CZE"]
[SourceTitle "CBM 215 Extra"]
[Source "ChessBase"]
[SourceDate "2023.09.30"]
[SourceVersion "1"]
[SourceVersionDate "2023.09.30"]
[SourceQuality "1"]

1. e4 e5 2. Nf3 Nc6 3. Bc4 Nf6 4. d3 Bc5 5. c3 a6 6. 0-0 d6 7. Bb3 0-0 8. Nbd2 Ba7 9. h3 h6 10. Re1 Nh5 11. Nf1 Qf6 12. Ne3 Nf4 13. Nd5 Nxd5 14. exd5 Ne7 15. d4 Nf5 16. dxe5 dxe5 17. Rxe5 Nh4 18. Re4 Nxg2 19. Kxg2 Qg6+ 20. Ng5 hxg5 21. Qf3 Bf5 22. Re5 Bd3 23. Qg3 f6 24. Re7 Be4+ 25. Kg1 Kh7 26. Bd2 Rad8 27. c4 Bc5 28. Re6 Bd6 29. Qc3 Be5 30. Qe3 Bf5 31. Rxe5 fxe5 32. Qxe5 Rd7 33. Re1 Bxh3 34. Qxg5 Rd6 35. c5 Qxg5+ 36. Bxg5 Rg6 37. Re5 Rf5 38. Rxf5 Bxf5 39. f4 b6 40. c6 Rd6 41. Be7 Rg6+ 42. Kf2 Rh6 43. Bd8 Rh3 44. Bxc7 Rxb3 45. axb3 Be4 46. Bxb6 Bxd5 47. c7 Bb7 48. Ke3 Kg6 49. Bd4 Kf7 50. f5 Bc8 51. Kf4 Bb7 52. Ke5 Ke7 53. Bc5+ Kd7 54. Bf8 Kxc7 55. Bxg7 Kd7 56. f6 Ke8 57. Ke6 Bc8+ 58. Kd6 1/2-1/2

[Event "Pardubice rapid op 34th"]
[Site "Pardubice"]
[Date "2023.07.19"]
[Round "1"]
[White "Seger, Ruediger"]
[Black "Setina, Vaclav"]
[Result "1-0"]
[WhiteElo "2263"]
[BlackElo "1997"]
[PlyCount "71"]
[EventDate "2023.07.19"]
[EventType "swiss (rapid)"]
[EventRounds "9"]
[EventCountry "CZE"]
[SourceTitle "CBM 215 Extra"]
[Source "ChessBase"]
[SourceDate "2023.09.30"]
[SourceVersion "1"]
[SourceVersionDate "2023.09.30"]
[SourceQuality "1"]

1. e4 c5 2. c3 d5 3. exd5 Qxd5 4. d4 g6 5. Nf3 Nh6 6. Na3 Nf5 7. Bc4 Qe4+ 8. Kf1 Be6 9. Bd3 Qd5 10. Nb5 Na6 11. c4 Qd8 12. d5 Bd7 13. Nc3 Bg7 14. h4 h5 15. g3 Nb4 16. Be4 Nd6 17. a3 Bxc3 18. bxc3 Nxe4 19. cxb4 cxb4 20. Qd4 Nf6 21. axb4 0-0 22. Kg2 b5 23. c5 Bg4 24. Rd1 Qc8 25. Bg5 Qf5 26. Qf4 Qxf4 27. Bxf4 Rfd8 28. d6 exd6 29. Rxd6 Rxd6 30. Bxd6 Nd5 31. c6 Rd8 32. Bc5 Rc8 33. Ne5 Bf5 34. Rxa7 f6 35. Nf7 Rxc6 36. Nh6+ 1-0

[Event "Pardubice rapid op 34th"]
[Site "Pardubice"]
[Date "2023.07.19"]
[Round "3"]
[White "Seger, Ruediger"]
[Black "Vykouk, Jan"]
[Result "0-1"]
[WhiteElo "2263"]
[BlackElo "2467"]
[PlyCount "62"]
[EventDate "2023.07.19"]
[EventType "swiss (rapid)"]
[EventRounds "9"]
[EventCountry "CZE"]
[SourceTitle "CBM 215 Extra"]
[Source "ChessBase"]
[SourceDate "2023.09.30"]
[SourceVersion "1"]
[SourceVersionDate "2023.09.30"]
[SourceQuality "1"]

1. e4 c5 2. c3 Nf6 3. e5 Nd5 4. d4 cxd4 5. Nf3 d6 6. cxd4 Nc6 7. Bc4 Nb6 8. Bb5 d5 9. Nh4 Bd7 10. Nc3 a6 11. Bxc6 bxc6 12. 0-0 e6 13. Qg4 Rc8 14. Bg5 Qc7 15. Rac1 c5 16. dxc5 Nc4 17. b4 Nxe5 18. Qg3 Ng6 19. Qd3 Qb7 20. Nxg6 hxg6 21. Rfe1 Bc6 22. a3 Be7 23. Bxe7 Kxe7 24. a4 Qxb4 25. Nxd5+ Bxd5 26. Qxd5 Rhd8 27. Qe5 Kf8 28. c6 Rd5 29. Qe2 Qxa4 30. g3 Rxc6 31. Ra1 Qb5 0-1

[Event "Pardubice rapid op 33rd"]
[Site "Pardubice"]
[Date "2022.07.21"]
[Round "5"]
[White "Jares, Michal"]
[Black "Seger, Ruediger"]
[Result "1/2-1/2"]
[WhiteElo "2208"]
[BlackElo "2299"]
[PlyCount "58"]
[EventDate "2022.07.20"]
[EventType "swiss (rapid)"]
[EventRounds "9"]
[EventCountry "CZE"]
[SourceTitle "CBM 209 Extra"]
[Source "ChessBase"]
[SourceDate "2022.09.30"]
[SourceVersion "1"]
[SourceVersionDate "2022.09.30"]
[SourceQuality "1"]

1. d4 Nf6 2. Nf3 g6 3. g3 Bg7 4. Bg2 0-0 5. 0-0 d5 6. c4 dxc4 7. Na3 Nc6 8. Nxc4 Be6 9. Nce5 Bd5 10. Bf4 e6 11. Nxc6 Bxc6 12. Be5 Qe7 13. Rc1 Rfd8 14. Qc2 Rac8 15. Rfd1 Bh6 16. Bf4 Bxf4 17. gxf4 Be4 18. Qc5 Qxc5 19. Rxc5 b6 20. Rcc1 c5 21. dxc5 Rxd1+ 22. Rxd1 Rxc5 23. Nd4 Bxg2 24. Kxg2 h6 25. e3 Kf8 26. Nb3 Rc7 27. Kf3 Ke7 28. h3 Nd5 29. Rc1 Rxc1 1/2-1/2

[Event "Pardubice rapid op 33rd"]
[Site "Pardubice"]
[Date "2022.07.21"]
[Round "9"]
[White "Pulpan, Jakub"]
[Black "Seger, Ruediger"]
[Result "1-0"]
[WhiteElo "2424"]
[BlackElo "2299"]
[PlyCount "51"]
[EventDate "2022.07.20"]
[EventType "swiss (rapid)"]
[EventRounds "9"]
[EventCountry "CZE"]
[SourceTitle "CBM 209 Extra"]
[Source "ChessBase"]
[SourceDate "2022.09.30"]
[SourceVersion "1"]
[SourceVersionDate "2022.09.30"]
[SourceQuality "1"]

1. e4 c6 2. Nf3 d5 3. Nc3 Bg4 4. h3 Bxf3 5. Qxf3 e6 6. a3 dxe4 7. Nxe4 Nd7 8. Qg3 Qb8 9. Qf3 Ngf6 10. d4 Nxe4 11. Qxe4 Nf6 12. Qf3 Qc7 13. Bd3 Be7 14. Be3 0-0 15. 0-0-0 b5 16. g4 Nd5 17. h4 c5 18. dxc5 Nxe3 19. fxe3 Qxc5 20. Qe4 g6 21. h5 Bf6 22. hxg6 hxg6 23. Rh5 e5 24. g5 Bg7 25. Rdh1 Rad8 26. Rh8+ 1-0

[Event "Pardubice rapid op 33rd"]
[Site "Pardubice"]
[Date "2022.07.21"]
[Round "6"]
[White "Seger, Ruediger"]
[Black "Malinovsky, Petr"]
[Result "1/2-1/2"]
[WhiteElo "2299"]
[BlackElo "1959"]
[PlyCount "73"]
[EventDate "2022.07.20"]
[EventType "swiss (rapid)"]
[EventRounds "9"]
[EventCountry "CZE"]
[SourceTitle "CBM 209 Extra"]
[Source "ChessBase"]
[SourceDate "2022.09.30"]
[SourceVersion "1"]
[SourceVersionDate "2022.09.30"]
[SourceQuality "1"]

1. e4 c5 2. c3 Nf6 3. e5 Nd5 4. d4 cxd4 5. Nf3 e6 6. cxd4 d6 7. Nc3 Nxc3 8. bxc3 Qc7 9. Bd2 Nc6 10. exd6 Bxd6 11. Bd3 h6 12. 0-0 0-0 13. Re1 e5 14. h3 Be6 15. a4 Rad8 16. Rb1 b6 17. Be4 exd4 18. cxd4 Ne7 19. a5 Bd5 20. axb6 axb6 21. Bd3 Nc6 22. Be3 Be7 23. Ne5 Nxe5 24. dxe5 Bc5 25. Bxc5 bxc5 26. Qc2 Qc6 27. Bh7+ Kh8 28. Be4 Rfe8 29. f4 f6 30. Bxd5 Qxd5 31. Rbd1 Qc6 32. Rxd8 Rxd8 33. e6 c4 34. e7 Re8 35. Qe4 Qxe4 36. Rxe4 Kg8 37. Rxc4 1/2-1/2

[Event "Pardubice Czech op-A 31st"]
[Site "Pardubice"]
[Date "2020.09.27"]
[Round "8"]
[White "Seger, Ruediger"]
[Black "Zwardon, Vojtech"]
[Result "0-1"]
[WhiteElo "2312"]
[BlackElo "2455"]
[PlyCount "61"]
[EventDate "2020.09.21"]
[EventType "swiss"]
[EventRounds "9"]
[EventCountry "CZE"]
[SourceTitle "CBM 198 Extra"]
[Source "ChessBase"]
[SourceDate "2020.11.30"]
[SourceVersion "1"]
[SourceVersionDate "2020.11.30"]
[SourceQuality "1"]

1. e4 c5 2. c3 Nf6 3. e5 Nd5 4. d4 cxd4 5. Nf3 Nc6 6. cxd4 d6 7. Bc4 Be6 8. Qe2 g6 9. 0-0 Bg7 10. Rd1 0-0 11. exd6 Qxd6 12. Nc3 Rfd8 13. Bb3 Qb4 14. Nxd5 Bxd5 15. Bd2 Qb6 16. Bxd5 Rxd5 17. Bc3 e6 18. Rd2 Rad8 19. Rad1 Bh6 20. Rc2 e5 21. Be1 Nxd4 22. Nxd4 exd4 23. Qd3 Qe6 24. Re2 Qd6 25. g3 Qd7 26. Bd2 Bxd2 27. Rexd2 Qg4 28. Kg2 Rh5 29. f4 Re8 30. Kg1 Rd8 31. Kg2 0-1

[Event "BCF-chT3N 1819 (4NCL)"]
[Site "England"]
[Date "2019.03.17"]
[Round "8.201"]
[White "Watson, Philip R"]
[Black "Seger, Ruediger"]
[Result "1/2-1/2"]
[WhiteElo "2132"]
[BlackElo "2347"]
[PlyCount "45"]
[EventDate "2018.11.10"]
[EventType "team-swiss"]
[EventRounds "11"]
[EventCountry "ENG"]
[SourceTitle "EXT 2021"]
[Source "ChessBase"]
[SourceDate "2020.10.23"]
[SourceVersion "1"]
[SourceVersionDate "2020.10.23"]
[SourceQuality "1"]
[WhiteTeam "Bradford DCA Knights II"]
[BlackTeam "Manx Liberty II"]
[WhiteTeamCountry "ENG"]
[BlackTeamCountry "ENG"]

1. d4 Nf6 2. c4 g6 3. Nc3 d5 4. cxd5 Nxd5 5. e4 Nxc3 6. bxc3 Bg7 7. Be3 c5 8. Rc1 Qa5 9. Qd2 cxd4 10. cxd4 Qxd2+ 11. Kxd2 0-0 12. Bb5 Rd8 13. Ne2 Nc6 14. Bxc6 bxc6 15. Rxc6 Bb7 16. Rc7 Bxe4 17. f3 Bd5 18. Rxe7 Bxa2 19. Ra1 Bc4 20. Raxa7 Rxa7 21. Rxa7 Bxe2 22. Kxe2 Bxd4 23. Bxd4 1/2-1/2

[Event "GER CupT 1819 prel5"]
[Site "Ludwigshafen"]
[Date "2019.01.27"]
[Round "2.3"]
[White "Seger, Ruediger"]
[Black "Miezis, Normunds"]
[Result "1/2-1/2"]
[WhiteElo "2350"]
[BlackElo "2469"]
[PlyCount "74"]
[EventDate "2019.01.26"]
[EventType "team-k.o."]
[EventRounds "2"]
[EventCountry "GER"]
[SourceTitle "EXT 2021"]
[Source "ChessBase"]
[SourceDate "2020.10.23"]
[SourceVersion "1"]
[SourceVersionDate "2020.10.23"]
[SourceQuality "1"]
[WhiteTeam "Godesberg"]
[BlackTeam "Emmendingen"]
[WhiteTeamCountry "GER"]
[BlackTeamCountry "GER"]

1. e4 c5 2. b3 b6 3. Bb2 Bb7 4. Nc3 e6 5. Nf3 Nc6 6. g3 Nf6 7. Bg2 Be7 8. 0-0 0-0 9. e5 Ne8 10. Ne4 d5 11. exd6 Nxd6 12. Nxd6 Qxd6 13. Re1 Rad8 14. Ne5 Nxe5 15. Bxe5 Qd7 16. Bxb7 Qxb7 17. Qg4 g6 18. d3 Rd5 19. Rad1 Rfd8 20. h4 Bf8 21. Bf6 R8d7 22. a4 Bg7 23. Bxg7 Kxg7 24. Qf3 Qc7 25. Re4 h5 26. Rde1 Rf5 27. Qe3 Qd6 28. Qd2 Rd5 29. Qc3+ Rd4 30. Qd2 Qd5 31. Re5 Qf3 32. R1e3 Qf6 33. Qe2 Rg4 34. Kh2 Rgd4 35. Kg1 R4d5 36. Rxd5 Rxd5 37. Re4 Rd4 1/2-1/2

[Event "NRW Class2 1819"]
[Site "Germany"]
[Date "2018.12.09"]
[Round "4.2"]
[White "Seger, Ruediger"]
[Black "Kolakovic, Klaudio"]
[Result "1-0"]
[WhiteElo "2323"]
[BlackElo "2119"]
[PlyCount "115"]
[EventDate "2018.09.16"]
[EventType "team-tourn"]
[EventRounds "9"]
[EventCountry "GER"]
[SourceTitle "EXT 2022"]
[Source "ChessBase"]
[SourceDate "2021.10.06"]
[SourceVersion "1"]
[SourceVersionDate "2021.10.06"]
[SourceQuality "1"]
[WhiteTeam "Godesberg"]
[BlackTeam "Suedlohn"]
[WhiteTeamCountry "GER"]
[BlackTeamCountry "GER"]

1. e4 c5 2. c3 Nf6 3. e5 Nd5 4. d4 cxd4 5. Nf3 Nc6 6. cxd4 e6 7. Bc4 Nb6 8. Bd3 Nb4 9. Be4 d5 10. Bd3 Nxd3+ 11. Qxd3 Be7 12. Nc3 Bd7 13. b3 Rc8 14. 0-0 0-0 15. a4 a6 16. Ba3 Bxa3 17. Rxa3 Qe7 18. Ra2 Rc7 19. h4 h6 20. Rc2 Rfc8 21. Rfc1 Rc6 22. Ne2 Qa3 23. Ne1 Rxc2 24. Rxc2 Bc6 25. f4 Qe7 26. Nf3 Bd7 27. Nc1 Rc6 28. Rxc6 Bxc6 29. Qc3 Nd7 30. Nd3 Qa3 31. Qc2 Qa1+ 32. Kh2 Qa3 33. h5 Qa1 34. f5 exf5 35. Nf4 Nf8 36. Qxf5 Bd7 37. Qd3 Be6 38. Nd2 Qc1 39. Qe3 Nh7 40. Nc4 Qf1 41. Nd6 b5 42. axb5 axb5 43. Qf3 Qxf3 44. gxf3 Ng5 45. Kg3 b4 46. Nd3 g6 47. hxg6 fxg6 48. Nxb4 h5 49. Nc2 h4+ 50. Kxh4 Nxf3+ 51. Kg3 Nd2 52. b4 Nb3 53. b5 Na5 54. b6 Nc6 55. b7 Nb8 56. Nb4 Kf8 57. Nb5 Ke7 58. Nc7 1-0

[Event "BCF-chTb 1819 (4NCL)"]
[Site "Daventry"]
[Date "2018.11.10"]
[Round "1.5"]
[White "Seger, Ruediger"]
[Black "Head, Louise"]
[Result "1/2-1/2"]
[WhiteElo "2349"]
[BlackElo "2063"]
[PlyCount "61"]
[EventDate "2018.11.10"]
[EventType "team-tourn"]
[EventRounds "11"]
[EventCountry "ENG"]
[SourceTitle "CBM 187 Extra"]
[Source "ChessBase"]
[SourceDate "2018.11.04"]
[SourceVersion "1"]
[SourceVersionDate "2018.11.04"]
[SourceQuality "1"]
[WhiteTeam "Manx Liberty"]
[BlackTeam "Grantham Sharks"]
[WhiteTeamCountry "ENG"]
[BlackTeamCountry "ENG"]

1. e4 c6 2. d4 d5 3. Nd2 dxe4 4. Nxe4 Nd7 5. Ng5 Ngf6 6. Bd3 g6 7. N1f3 Bg7 8. Qe2 0-0 9. Ne5 Nxe5 10. dxe5 Nd5 11. 0-0 h6 12. Nf3 Bg4 13. h3 Bxf3 14. Qxf3 Bxe5 15. Bxh6 Bg7 16. Bxg7 Kxg7 17. Rfe1 e6 18. c4 Nf6 19. Bf1 Qc7 20. Qc3 Rad8 21. Re4 Qe7 22. Rae1 Kg8 23. Rh4 Nh5 24. g3 Qf6 25. Qb4 Rd7 26. Be2 Ng7 27. Rf4 Qe7 28. Qc3 c5 29. Bd3 Rfd8 30. Re3 Rd4 31. Ref3 1/2-1/2

[Event "NRW Class2 1718"]
[Site "Germany"]
[Date "2018.02.18"]
[Round "6"]
[White "Haub, Thorsten Michael"]
[Black "Seger, Ruediger"]
[Result "1/2-1/2"]
[WhiteElo "2368"]
[BlackElo "2299"]
[PlyCount "70"]
[EventDate "2017.09.17"]
[EventType "team-tourn"]
[EventRounds "9"]
[EventCountry "GER"]
[SourceTitle "EXT 2019"]
[Source "ChessBase"]
[SourceDate "2018.10.10"]
[SourceVersion "1"]
[SourceVersionDate "2018.10.10"]
[SourceQuality "1"]
[WhiteTeam "Plettenberg"]
[BlackTeam "Godesberg"]
[WhiteTeamCountry "GER"]
[BlackTeamCountry "GER"]

1. g3 Nf6 2. Bg2 d5 3. d3 e5 4. Nd2 Bd6 5. e4 c6 6. Ngf3 0-0 7. 0-0 Re8 8. b3 Nbd7 9. Bb2 Qc7 10. Re1 a5 11. a4 Bf8 12. Ra2 dxe4 13. Nxe4 Nxe4 14. Rxe4 f6 15. d4 f5 16. Re1 e4 17. Nd2 Nf6 18. f3 exf3 19. Nxf3 Rxe1+ 20. Qxe1 Bd7 21. c4 Re8 22. Qd1 Ng4 23. Bc1 Ne3 24. Bxe3 Rxe3 25. Re2 Rxe2 26. Qxe2 Qd6 27. Qe3 g6 28. c5 Qe7 29. Ne5 Be6 30. Nc4 Bxc4 31. Qxe7 Bxe7 32. bxc4 Bf6 33. d5 Bd4+ 34. Kf1 Bxc5 35. dxc6 bxc6 1/2-1/2

[Event "NRW Class2 1718"]
[Site "Germany"]
[Date "2017.12.17"]
[Round "4.1"]
[White "Tkachuk, Konstantyn"]
[Black "Seger, Ruediger"]
[Result "1/2-1/2"]
[WhiteElo "2265"]
[BlackElo "2299"]
[PlyCount "37"]
[EventDate "2017.09.17"]
[EventType "team-tourn"]
[EventRounds "9"]
[EventCountry "GER"]
[SourceTitle "EXT 2019"]
[Source "ChessBase"]
[SourceDate "2018.10.10"]
[SourceVersion "1"]
[SourceVersionDate "2018.10.10"]
[SourceQuality "1"]
[WhiteTeam "Bochum SG II"]
[BlackTeam "Godesberg"]
[WhiteTeamCountry "GER"]
[BlackTeamCountry "GER"]

1. e4 c6 2. d4 d5 3. Nc3 dxe4 4. Nxe4 Bf5 5. Ng3 Bg6 6. h4 h6 7. Nf3 e6 8. Bd3 Bxd3 9. Qxd3 Nf6 10. Bf4 Qa5+ 11. Bd2 Qc7 12. 0-0 Nbd7 13. c4 0-0-0 14. Bc3 Bd6 15. Ne4 Nxe4 16. Qxe4 Nf6 17. Qe2 Ng4 18. Rad1 Rhe8 19. Rfe1 1/2-1/2

[Event "NRW Class2 1718"]
[Site "Germany"]
[Date "2017.11.19"]
[Round "3.1"]
[White "Wehmeier, Stefan"]
[Black "Seger, Ruediger"]
[Result "0-1"]
[WhiteElo "2345"]
[BlackElo "2299"]
[PlyCount "90"]
[EventDate "2017.09.17"]
[EventType "team-tourn"]
[EventRounds "9"]
[EventCountry "GER"]
[SourceTitle "EXT 2019"]
[Source "ChessBase"]
[SourceDate "2018.10.10"]
[SourceVersion "1"]
[SourceVersionDate "2018.10.10"]
[SourceQuality "1"]
[WhiteTeam "Lippstadt Turm"]
[BlackTeam "Godesberg"]
[WhiteTeamCountry "GER"]
[BlackTeamCountry "GER"]

1. d4 Nf6 2. c4 g6 3. Nc3 d5 4. cxd5 Nxd5 5. Na4 Bg7 6. Nf3 0-0 7. e4 Nb6 8. Be3 Nc6 9. Be2 Bg4 10. d5 Ne5 11. Nxe5 Bxe2 12. Qxe2 Nxa4 13. f4 Nb6 14. a4 Nd7 15. Nc4 c6 16. dxc6 bxc6 17. Rd1 Qc7 18. 0-0 Rfd8 19. a5 e6 20. e5 Bf8 21. Qf2 Be7 22. Rd3 c5 23. Rfd1 Rab8 24. h3 f6 25. Qd2 Nf8 26. Nd6 Qc6 27. Qc3 a6 28. Bxc5 Nd7 29. b4 f5 30. Kh2 Nf8 31. Qc4 Rd7 32. Rc1 Bd8 33. Rc2 Kh8 34. Qa2 Qa8 35. Rcc3 g5 36. Qe2 Ng6 37. g3 gxf4 38. Nxf5 Rxd3 39. Qxd3 exf5 40. e6 fxg3+ 41. Qxg3 Bf6 42. Bd6 Rd8 43. Re3 f4 44. Bxf4 Rd2+ 45. Kg1 Nxf4 0-1

[Event "NRW Class2 1718"]
[Site "Germany"]
[Date "2017.09.17"]
[Round "1.1"]
[White "Zinchenko, Yaroslav"]
[Black "Seger, Ruediger"]
[Result "1-0"]
[WhiteElo "2527"]
[BlackElo "2299"]
[PlyCount "89"]
[EventDate "2017.09.17"]
[EventType "team-tourn"]
[EventRounds "9"]
[EventCountry "GER"]
[SourceTitle "EXT 2019"]
[Source "ChessBase"]
[SourceDate "2018.10.10"]
[SourceVersion "1"]
[SourceVersionDate "2018.10.10"]
[SourceQuality "1"]
[WhiteTeam "Siegburg"]
[BlackTeam "Godesberg"]
[WhiteTeamCountry "GER"]
[BlackTeamCountry "GER"]

1. e4 c6 2. d4 d5 3. exd5 cxd5 4. Bd3 Nc6 5. c3 Qc7 6. h3 Nf6 7. Nf3 g6 8. 0-0 Bf5 9. Na3 Bxd3 10. Qxd3 a6 11. Re1 Bg7 12. Ne5 e6 13. Bf4 Qd8 14. Bg5 h6 15. Bh4 0-0 16. Nc2 Rc8 17. Ne3 g5 18. Bg3 Ne4 19. Nxc6 Rxc6 20. Bh2 f5 21. Nf1 f4 22. f3 Nf6 23. Re2 Nd7 24. Rae1 Qf6 25. Nd2 b5 26. Nb3 Qf7 27. Kh1 Kh8 28. Na5 Rb6 29. b4 Rc8 30. Bg1 Re8 31. Nb3 Rc6 32. Nc5 Nxc5 33. bxc5 Bf6 34. a4 bxa4 35. Qc2 Kg7 36. Qxa4 Qb7 37. c4 Qd7 38. Rb1 Rd8 39. cxd5 Qxd5 40. Rb7+ Rd7 41. Reb2 Bd8 42. Rxd7+ Qxd7 43. Rb8 Bc7 44. Ra8 Rd6 45. cxd6 1-0

[Event "Pardubice Czech op-A 28th"]
[Site "Pardubice"]
[Date "2017.07.26"]
[Round "6"]
[White "Seger, Ruediger"]
[Black "Potapov, Pavel"]
[Result "1/2-1/2"]
[WhiteElo "2346"]
[BlackElo "2495"]
[PlyCount "85"]
[EventDate "2017.07.21"]
[EventType "swiss"]
[EventRounds "9"]
[EventCountry "CZE"]
[SourceTitle "CBM 179 Extra"]
[Source "ChessBase"]
[SourceDate "2017.08.23"]
[SourceVersion "1"]
[SourceVersionDate "2017.08.23"]
[SourceQuality "1"]

1. e4 c5 2. c3 Nf6 3. e5 Nd5 4. d4 cxd4 5. Nf3 Nc6 6. cxd4 d6 7. Bc4 dxe5 8. Nxe5 e6 9. 0-0 Be7 10. Qf3 Bf6 11. Nxc6 bxc6 12. Rd1 0-0 13. Nc3 Qb6 14. Na4 Qb4 15. b3 Rd8 16. Bb2 Qe7 17. Nc5 g6 18. a3 Bg7 19. Rac1 Bd7 20. Nd3 Be8 21. Ne5 a5 22. Bf1 Rab8 23. g3 Qb7 24. Rd3 Bxe5 25. dxe5 c5 26. Rxc5 Bb5 27. Rd1 Bxf1 28. Rxf1 Qxb3 29. Qxb3 Rxb3 30. Bc1 a4 31. Rd1 h5 32. Rd4 Ra8 33. Rcc4 Rc3 34. Rxc3 Nxc3 35. Rc4 Nd5 36. Kf1 Kf8 37. Ke2 Ke7 38. Be3 Kd7 39. h4 Ra6 40. Kd3 Ra5 41. Bd2 Ra8 42. Be3 Ra6 43. Bd2 1/2-1/2

[Event "Bundesliga 1617"]
[Site "Germany"]
[Date "2017.04.30"]
[Round "14.24"]
[White "Eichler, Christoph"]
[Black "Seger, Ruediger"]
[Result "1/2-1/2"]
[WhiteElo "2325"]
[BlackElo "2363"]
[PlyCount "43"]
[EventDate "2016.10.15"]
[EventType "team-tourn"]
[EventRounds "15"]
[EventCountry "GER"]
[SourceTitle "CBM 178"]
[Source "ChessBase"]
[SourceDate "2017.05.14"]
[SourceVersion "1"]
[SourceVersionDate "2017.05.14"]
[SourceQuality "1"]
[WhiteTeam "Muenchen Zugzwang"]
[BlackTeam "Trier"]
[WhiteTeamCountry "GER"]
[BlackTeamCountry "GER"]

1. Nf3 Nf6 2. g3 g6 3. Bg2 Bg7 4. 0-0 0-0 5. c4 c6 6. d4 d5 7. cxd5 cxd5 8. Nc3 Ne4 9. Ne5 Nxc3 10. bxc3 Nc6 11. Nxc6 bxc6 12. Qa4 Qb6 13. Ba3 Qa6 14. Qxa6 Bxa6 15. Rfe1 Rfe8 16. Bf1 Bf8 17. Reb1 e6 18. Bxf8 Kxf8 19. Rb2 c5 20. e3 Bxf1 21. Kxf1 Rac8 22. Rab1 1/2-1/2

[Event "Bundesliga 1617"]
[Site "Germany"]
[Date "2017.04.29"]
[Round "13.24"]
[White "Seger, Ruediger"]
[Black "Capone, Nicola"]
[Result "1/2-1/2"]
[WhiteElo "2363"]
[BlackElo "2399"]
[PlyCount "112"]
[EventDate "2016.10.15"]
[EventType "team-tourn"]
[EventRounds "15"]
[EventCountry "GER"]
[SourceTitle "CBM 178"]
[Source "ChessBase"]
[SourceDate "2017.05.14"]
[SourceVersion "1"]
[SourceVersionDate "2017.05.14"]
[SourceQuality "1"]
[WhiteTeam "Trier"]
[BlackTeam "Aachen"]
[WhiteTeamCountry "GER"]
[BlackTeamCountry "GER"]

1. e4 e6 2. d4 d5 3. Nd2 Nc6 4. Ngf3 Nf6 5. e5 Nd7 6. Be2 f6 7. exf6 Qxf6 8. Nf1 Bd6 9. Ne3 b6 10. 0-0 Bb7 11. c3 0-0-0 12. Ng4 Qf5 13. Nh4 Qf7 14. f4 Nf6 15. Ne5 Qe7 16. Nhf3 Ne4 17. Be3 Rdf8 18. Nd2 Qe8 19. Bb5 a6 20. Bxc6 Bxc6 21. Nxc6 Qxc6 22. Nxe4 dxe4 23. Qe2 a5 24. Rae1 Rf6 25. Bc1 Rhf8 26. Qxe4 Qxe4 27. Rxe4 g5 28. Rfe1 gxf4 29. Rxe6 Kd7 30. Rxf6 Rxf6 31. Kf2 Rh6 32. h3 Re6 33. Re2 c6 34. Kf3 Rxe2 35. Kxe2 Ke6 36. Kd3 Kf5 37. a4 h5 38. Bd2 Be7 39. b4 Bd6 40. bxa5 bxa5 41. c4 Bc7 42. c5 Bd8 43. d5 cxd5 44. Kd4 Ke6 45. Bxf4 Bf6+ 46. Kd3 Kd7 47. g4 hxg4 48. hxg4 Kc6 49. Be3 Be7 50. Bd4 Bg5 51. Ke2 Bh6 52. Kf3 Bg5 53. Kg3 Kd7 54. Kf3 Kc6 55. Be3 Bf6 56. Bd2 Bd8 1/2-1/2

[Event "Bundesliga 1617"]
[Site "Germany"]
[Date "2016.12.03"]
[Round "5.2"]
[White "Lampert, Jonas"]
[Black "Seger, Ruediger"]
[Result "1-0"]
[WhiteElo "2500"]
[BlackElo "2363"]
[PlyCount "141"]
[EventDate "2016.10.15"]
[EventType "team-tourn"]
[EventRounds "15"]
[EventCountry "GER"]
[SourceTitle "CBM 176"]
[Source "ChessBase"]
[SourceDate "2017.01.17"]
[SourceVersion "1"]
[SourceVersionDate "2017.01.17"]
[SourceQuality "1"]
[WhiteTeam "Hamburger SK"]
[BlackTeam "Trier"]
[WhiteTeamCountry "GER"]
[BlackTeamCountry "GER"]

1. d4 Nf6 2. c4 g6 3. Nc3 d5 4. cxd5 Nxd5 5. Bd2 Bg7 6. e4 Nxc3 7. Bxc3 0-0 8. Qd2 c5 9. d5 Bxc3 10. bxc3 e6 11. Bc4 exd5 12. Bxd5 Nd7 13. h4 Nf6 14. h5 Nxd5 15. exd5 Re8+ 16. Ne2 Qf6 17. f3 Bd7 18. Kf2 Re5 19. Ng3 Rae8 20. hxg6 fxg6 21. Rae1 Rxe1 22. Rxe1 Rxe1 23. Qxe1 b6 24. Qe3 Kg7 25. f4 Kf8 26. c4 Bf5 27. Nxf5 Qxf5 28. d6 Qd7 29. Qd3 Qf5 30. Qe3 Qd7 31. Qe5 Kf7 32. Qd5+ Kf6 33. g4 h6 34. Qe5+ Kf7 35. f5 gxf5 36. gxf5 h5 37. Kg3 b5 38. Qxc5 bxc4 39. Qxc4+ Kf8 40. Qf4 Qg7+ 41. Kh4 Qf6+ 42. Kxh5 Qf7+ 43. Kg4 Qg7+ 44. Kf3 Qc3+ 45. Ke4 Qc6+ 46. Ke3 Qc3+ 47. Kf2 Qb2+ 48. Kf3 Qc3+ 49. Kg2 Qb2+ 50. Qf2 Qb7+ 51. Qf3 Qb2+ 52. Qf2 Qb7+ 53. Kh3 Qd5 54. Qf4 Kf7 55. a4 Qh1+ 56. Kg4 Qg2+ 57. Qg3 Qe2+ 58. Qf3 Qc4+ 59. Kh5 Qd4 60. Qb3+ Kg7 61. Qg3+ Kf8 62. Qg6 Qd1+ 63. Kh6 Qh1+ 64. Qh5 Qd5 65. Qg6 Qh1+ 66. Qh5 Qd5 67. d7 Qxd7 68. f6 Qd2+ 69. Kh7 Qd3+ 70. Kh8 Qe3 71. Qh7 1-0

[Event "GER-chT Betriebe 16th"]
[Site "Dresden"]
[Date "2016.11.06"]
[Round "7.1"]
[White "Gohil, Harry"]
[Black "Seger, Ruediger"]
[Result "0-1"]
[WhiteElo "2322"]
[BlackElo "2372"]
[PlyCount "62"]
[EventDate "2016.11.03"]
[EventType "team-swiss"]
[EventRounds "7"]
[EventCountry "GER"]
[SourceTitle "EXT 2020"]
[Source "ChessBase"]
[SourceDate "2019.10.17"]
[SourceVersion "1"]
[SourceVersionDate "2019.10.17"]
[SourceQuality "1"]
[WhiteTeam "Frankfurt Commerzbank"]
[BlackTeam "Bonn Deutsche Post"]
[WhiteTeamCountry "GER"]
[BlackTeamCountry "GER"]

1. d4 Nf6 2. Bg5 e6 3. e4 h6 4. Bxf6 Qxf6 5. c3 d5 6. Nd2 c5 7. Ngf3 Nc6 8. Bb5 Bd7 9. 0-0 0-0-0 10. Bxc6 Bxc6 11. Ne5 Be8 12. f4 Qe7 13. exd5 Rxd5 14. Nb3 f6 15. Nf3 Qc7 16. Qe2 Bf7 17. Rad1 g5 18. Nxc5 Bxc5 19. dxc5 Qxc5+ 20. Kh1 Rxd1 21. Rxd1 gxf4 22. Nd4 Rd8 23. Rf1 e5 24. Qg4+ Kb8 25. Nf3 Bxa2 26. Qg6 Qf8 27. h3 Bd5 28. Nh4 Bc6 29. Nf3 a6 30. Kh2 Rd7 31. Qf5 Qg7 0-1